[Event "BL 8889 Heidelberg-Solingen"]
[Site "?"]
[Date "1989.??.??"]
[Round "?.3"]
[White "Lobron, E."]
[Black "Zuse, P."]
[Result "1-0"]
[WhiteElo "2530"]
[BlackElo "2295"]
[PlyCount "57"]
[EventDate "1989.??.??"]

1. c4 Nf6 2. Nc3 g6 3. g3 Bg7 4. Bg2 O-O 5. Nf3 c6 6. d4 d5 7. cxd5 cxd5 8. Ne5
e6 9. Bg5 Qb6 10. Qd2 Nfd7 11. Nf3 Nc6 12. Rd1 Qb4 13. a3 Qb3 14. Qc1 a5 15.
O-O a4 16. Rfe1 f5 17. e3 Qb6 18. Bf1 Qa5 19. Bf4 Nb6 20. Bc7 Bd7 21. Nxa4 Nxd4
22. exd4 Bxa4 23. Rd3 Rfc8 24. Rc3 Bc6 25. Qf4 Qa7 26. Rxe6 Nc4 27. Rxc4 dxc4
28. Bxc4 Kh8 29. Re7 1-0

[Event "BL 8889 Heidelberg-Solingen"]
[Site "?"]
[Date "1989.??.??"]
[Round "?.4"]
[White "Neunhoeffer, H."]
[Black "Lau, R."]
[Result "0-1"]
[WhiteElo "2270"]
[BlackElo "2495"]
[PlyCount "62"]
[EventDate "1989.??.??"]

1. d4 Nf6 2. Nf3 e6 3. Bg5 c5 4. e3 Be7 5. Bd3 h6 6. Bh4 cxd4 7. exd4 d6 8. O-O
O-O 9. Nbd2 a6 10. Qe2 Nbd7 11. c3 b6 12. Nc4 Bb7 13. Nfd2 Re8 14. f4 b5 15.
Ne3 Bc6 16. Rae1 Ra7 17. h3 Nb6 18. Kh2 Nbd5 19. Nxd5 Nxd5 20. Bxe7 Raxe7 21.
Be4 e5 22. Qf3 exf4 23. Rc1 Rxe4 24. Nxe4 Ne3 25. Nf6+ Qxf6 26. Qxc6 Nxf1+ 27.
Rxf1 Re2 28. Qxa6 Rxb2 29. a4 Kh7 30. axb5 f3 31. Qc6 Rxg2+ 0-1

[Event "BL 8889 Heidelberg-Solingen"]
[Site "?"]
[Date "1989.??.??"]
[Round "?.5"]
[White "Schulte, O."]
[Black "Grathwohl, R."]
[Result "1/2-1/2"]
[WhiteElo "2430"]
[BlackElo "2310"]
[PlyCount "115"]
[EventDate "1989.??.??"]

1. d4 Nf6 2. c4 e6 3. Nf3 Bb4+ 4. Nbd2 d5 5. Qa4+ Nc6 6. a3 Be7 7. e3 Bd7 8.
Qc2 a5 9. Bd3 a4 10. Ne5 Nxe5 11. dxe5 Ng4 12. Nf3 dxc4 13. Qxc4 Bc6 14. Be4
Bxe4 15. Qxe4 Qd1+ 16. Kxd1 Nxf2+ 17. Kc2 Nxe4 18. Rd1 Bc5 19. Bd2 Ra6 20. Be1
f5 21. exf6 gxf6 22. Kd3 f5 23. Ke2 Rg8 24. g3 Rb6 25. Rab1 Rb3 26. Nd4 Bxd4
27. Rxd4 b5 28. Rbd1 Rxb2+ 29. Kf1 Nd6 30. Ba5 Rxh2 31. Bxc7 Rh1+ 32. Ke2 Rxd1
33. Rxd1 Nc4 34. Rd8+ Kf7 35. Rd7+ Kg6 36. Re7 Kf6 37. Rxh7 Nxa3 38. Rh6+ Kf7
39. Rh7+ Rg7 40. Rh8 Kg6 41. Be5 Rh7 42. Rg8+ Kf7 43. Rb8 Rh2+ 44. Kd3 Rg2 45.
Rb7+ Ke8 46. e4 Nc4 47. Rxb5 Nxe5+ 48. Rxe5 Rxg3+ 49. Kc4 Rg4 50. Rxe6+ Kf7 51.
Ra6 Rxe4+ 52. Kd3 Ke7 53. Kd2 Kf7 54. Kd3 Rh4 55. Ke3 Rb4 56. Kd3 Rg4 57. Ke3
Re4+ 58. Kd3 1/2-1/2

[Event "BL 8889 Heidelberg-Solingen"]
[Site "?"]
[Date "1989.??.??"]
[Round "?.7"]
[White "Schneider, B1."]
[Black "Neurohr, S."]
[Result "1-0"]
[WhiteElo "2365"]
[BlackElo "2305"]
[PlyCount "89"]
[EventDate "1989.??.??"]

1. c4 g6 2. g3 Bg7 3. Bg2 e5 4. Nc3 Nc6 5. Nf3 f5 6. O-O d6 7. d3 Nf6 8. Rb1
O-O 9. b4 a6 10. a4 h6 11. b5 axb5 12. axb5 Ne7 13. Bb2 Be6 14. Ra1 Rc8 15. Ne1
b6 16. Nc2 d5 17. cxd5 Nfxd5 18. Nxd5 Nxd5 19. Ra7 Qd7 20. Qa1 Qxb5 21. Bxe5
Bxe5 22. Qxe5 Bf7 23. Qa1 Qc5 24. Nd4 Nc3 25. e3 Nb5 26. Rc1 Qxc1+ 27. Qxc1
Nxa7 28. Qa1 c5 29. Nxf5 gxf5 30. Qxa7 c4 31. dxc4 Rxc4 32. h4 b5 33. Qb6 b4
34. Qxh6 Rg4 35. Bh3 Rg6 36. Qf4 b3 37. Bxf5 Bd5 38. Qe5 Rxf5 39. Qxf5 Bf7 40.
Qb5 Kh7 41. Kf1 Rg4 42. e4 Kg8 43. f3 Rxg3 44. Qb8+ Kh7 45. Qxg3 1-0

[Event "BL 8889 Bochum-Bamberg"]
[Site "?"]
[Date "1989.??.??"]
[Round "?.1"]
[White "Unzicker, W."]
[Black "Graf, J."]
[Result "1/2-1/2"]
[WhiteElo "2460"]
[BlackElo "2405"]
[PlyCount "40"]
[EventDate "1989.??.??"]

1. e4 Nf6 2. e5 Nd5 3. d4 d6 4. Nf3 Bg4 5. Be2 Nc6 6. c4 Nb6 7. exd6 exd6 8. d5
Bxf3 9. Bxf3 Ne5 10. Be2 Be7 11. Be3 O-O 12. Nd2 Nbd7 13. O-O a5 14. Qc2 Nc5
15. h3 Re8 16. b3 Ng6 17. Nf3 Nh4 18. Rae1 Nxf3+ 19. Bxf3 Bf6 20. g3 Be5
1/2-1/2

[Event "BL 8889 Bochum-Bamberg"]
[Site "?"]
[Date "1989.??.??"]
[Round "?.2"]
[White "Thesing, M."]
[Black "Pfleger, He"]
[Result "1/2-1/2"]
[WhiteElo "2345"]
[BlackElo "2490"]
[PlyCount "34"]
[EventDate "1989.??.??"]

1. e4 d6 2. d4 Nf6 3. Nc3 g6 4. Nf3 Bg7 5. h3 c6 6. a4 a5 7. Be2 O-O 8. O-O Na6
9. Be3 Nb4 10. Qd2 Qc7 11. Rad1 Re8 12. Rfe1 e5 13. dxe5 dxe5 14. Bc5 Nh5 15.
Bf1 Nf4 16. Ne2 Nh5 17. Nc3 Nf4 1/2-1/2

[Event "BL 8889 Bochum-Bamberg"]
[Site "?"]
[Date "1989.??.??"]
[Round "?.3"]
[White "Goehring, K."]
[Black "Sonntag, H."]
[Result "1-0"]
[WhiteElo "2335"]
[BlackElo "2380"]
[PlyCount "59"]
[EventDate "1989.??.??"]

1. d4 Nf6 2. c4 e6 3. Nc3 Bb4 4. e3 O-O 5. Bd3 d5 6. Nf3 Nc6 7. O-O a6 8. h3
dxc4 9. Bxc4 Bd6 10. e4 e5 11. Be3 b5 12. dxe5 Nxe5 13. Nxe5 Bxe5 14. Bb3 Bb7
15. Bc5 Bd6 16. Bxd6 Qxd6 17. Qxd6 cxd6 18. f3 b4 19. Na4 Rac8 20. Rfd1 Rfd8
21. Rd4 a5 22. Rad1 Ne8 23. Nb6 Rc5 24. Nc4 d5 25. Ne3 Nc7 26. Nxd5 Bxd5 27.
Bxd5 Nxd5 28. Rxd5 Rdxd5 29. Rxd5 Rc1+ 30. Kh2 1-0

[Event "BL 8889 Bochum-Bamberg"]
[Site "?"]
[Date "1989.??.??"]
[Round "?.4"]
[White "Beckemeyer, W."]
[Black "Kurz, A."]
[Result "1-0"]
[WhiteElo "2380"]
[BlackElo "2280"]
[PlyCount "47"]
[EventDate "1989.??.??"]

1. e4 c5 2. Nf3 d6 3. c3 Nf6 4. Bd3 g6 5. Bc2 Bg7 6. O-O O-O 7. Re1 Nc6 8. h3
e5 9. d3 h6 10. Be3 Nh5 11. Nbd2 f5 12. exf5 gxf5 13. Nxe5 Nxe5 14. Qxh5 f4 15.
d4 fxe3 16. fxe3 Nd7 17. Qg6 Nf6 18. Ne4 Qe7 19. Rf1 Nh7 20. Nxd6 Rxf1+ 21.
Rxf1 Nf8 22. Bb3+ Be6 23. Bxe6+ Nxe6 24. Rf7 1-0

[Event "BL 8889 Bochum-Bamberg"]
[Site "?"]
[Date "1989.??.??"]
[Round "?.5"]
[White "Meister, P."]
[Black "Vatter, H."]
[Result "1-0"]
[WhiteElo "2325"]
[BlackElo "2335"]
[PlyCount "65"]
[EventDate "1989.??.??"]

1. d4 d6 2. c4 e5 3. Nf3 Nd7 4. Nc3 g6 5. e4 Bg7 6. Be2 Ngf6 7. O-O c6 8. Rb1
O-O 9. Be3 Re8 10. d5 cxd5 11. cxd5 Ng4 12. Bg5 f6 13. Bd2 f5 14. Ng5 Nf8 15.
exf5 gxf5 16. Bxg4 fxg4 17. Rc1 a6 18. Nge4 Bf5 19. Ng3 Qd7 20. Na4 Qf7 21. Nb6
Rad8 22. Bg5 Rb8 23. Nc4 Qg6 24. Nxd6 Qxg5 25. Ngxf5 Red8 26. Qxg4 Ne6 27. Qxg5
Nxg5 28. h4 Bf8 29. hxg5 Bxd6 30. Rfe1 Bb4 31. Rxe5 Bd2 32. Rc7 Bxg5 33. Rg7+
1-0

[Event "BL 8889 Bochum-Bamberg"]
[Site "?"]
[Date "1989.??.??"]
[Round "?.6"]
[White "Backwinkel, P."]
[Black "Ruehrig, V."]
[Result "0-1"]
[WhiteElo "2315"]
[BlackElo "2330"]
[PlyCount "94"]
[EventDate "1989.??.??"]

1. d4 Nf6 2. c3 e6 3. Bg5 c5 4. e3 Be7 5. Nd2 b6 6. Ngf3 Bb7 7. Bd3 d6 8. dxc5
bxc5 9. e4 Nbd7 10. O-O O-O 11. Re1 Qc7 12. Nf1 Rfe8 13. Ng3 Rad8 14. Qe2 Ng4
15. Bxe7 Rxe7 16. Rad1 Nge5 17. Nxe5 Nxe5 18. Bb1 d5 19. Qh5 d4 20. cxd4 Rxd4
21. Ne2 Rdd7 22. Nc3 c4 23. Bc2 Qc5 24. Re3 g6 25. Qh4 Rxd1+ 26. Bxd1 Rd7 27.
Rh3 h5 28. Bxh5 gxh5 29. Qxh5 Kf8 30. Rg3 Nd3 31. Qh8+ Ke7 32. Qh4+ Kd6 33. Rg5
e5 34. Rf5 Kc7 35. Qg3 Bc6 36. h4 Qb4 37. Qe3 Kb7 38. h5 Qxb2 39. h6 f6 40.
Rxf6 Qxc3 41. Rg6 Qc1+ 42. Qxc1 Nxc1 43. Rg7 Ne2+ 44. Kf1 Nf4 45. g3 c3 46. Ke1
Nd3+ 47. Kd1 Ba4+ 0-1

[Event "BL 8889 Porz-Nürnberg"]
[Site "?"]
[Date "1989.??.??"]
[Round "?.2"]
[White "Fedorowicz, J."]
[Black "Pribyl, J."]
[Result "1-0"]
[WhiteElo "2520"]
[BlackElo "2435"]
[PlyCount "77"]
[EventDate "1989.??.??"]

1. e4 c5 2. Nf3 Nf6 3. Nc3 Nc6 4. d4 d5 5. exd5 Nxd5 6. Bb5 Nxc3 7. bxc3 cxd4
8. Nxd4 Bd7 9. O-O e6 10. Rb1 Be7 11. Qf3 O-O 12. Nxc6 bxc6 13. Bd3 Qc7 14. Bf4
Bd6 15. Bxh7+ Kh8 16. Bxd6 Qxd6 17. Qh5 Qf4 18. Bd3+ Qh6 19. Qc5 Kg8 20. Rb4
Rfd8 21. g3 g6 22. Rd4 Qf8 23. Qg5 c5 24. Rf4 Be8 25. c4 Rd4 26. h4 Rxf4 27.
Qxf4 Qe7 28. h5 Rd8 29. hxg6 fxg6 30. Re1 Rd6 31. Rb1 e5 32. Qe3 Re6 33. Be4
Rb6 34. Re1 Kg7 35. Bd5 Ba4 36. Qc3 Qf6 37. Rxe5 Kf8 38. Qe3 Rb1+ 39. Kg2 1-0

[Event "BL 8889 Porz-Nürnberg"]
[Site "?"]
[Date "1989.??.??"]
[Round "?.3"]
[White "Lumper, T."]
[Black "Schoen, W."]
[Result "0-1"]
[WhiteElo "2355"]
[BlackElo "2430"]
[PlyCount "42"]
[EventDate "1989.??.??"]

1. c4 e6 2. Nc3 d5 3. d4 Nf6 4. Nf3 Bb4 5. Qa4+ Nc6 6. Bg5 h6 7. Bxf6 Qxf6 8.
g3 Bd7 9. Qb3 a5 10. cxd5 Nxd4 11. Nxd4 Qxd4 12. Bg2 a4 13. Qc2 a3 14. Rd1 Qc5
15. Rd3 axb2 16. O-O Ra3 17. dxe6 Bxe6 18. Qd1 O-O 19. Na4 Rxd3 20. Qxd3 Qc1
21. Qb1 Ba3 0-1

[Event "BL 8889 Porz-Nürnberg"]
[Site "?"]
[Date "1989.??.??"]
[Round "?.4"]
[White "Fleck, J."]
[Black "Seibold, H."]
[Result "1-0"]
[WhiteElo "2415"]
[BlackElo "2220"]
[PlyCount "121"]
[EventDate "1989.??.??"]

1. e4 c5 2. Nf3 Nc6 3. d4 cxd4 4. Nxd4 g6 5. c4 Bg7 6. Be3 Nf6 7. Nc3 O-O 8.
Be2 d6 9. O-O Bd7 10. Nc2 a5 11. f3 a4 12. Qd2 Qa5 13. Rac1 Rfc8 14. Kh1 Qd8
15. Rfe1 Na5 16. Na3 Bc6 17. Bf1 Nd7 18. Nd5 b6 19. Bg5 f6 20. Be3 Nc5 21. Rcd1
Be8 22. Bf2 Nc6 23. Nb5 Bf7 24. Qc2 g5 25. Qe2 Ne5 26. Nd4 Kh8 27. g3 Bh5 28.
g4 Bf7 29. h4 h6 30. Bg3 Ra7 31. Qh2 Kg8 32. Be2 Ncd7 33. Rc1 Nc5 34. Red1 Ncd7
35. Kg2 Ng6 36. Nf5 e6 37. h5 exf5 38. hxg6 Bxd5 39. Rxd5 f4 40. Bf2 Ne5 41.
Qg1 Rc6 42. Rb5 Rb7 43. Qd1 Qc8 44. Qxa4 Nxg6 45. Qb3 Kh8 46. a4 Ra7 47. Rxb6
Rxb6 48. Bxb6 Nh4+ 49. Kf1 Re7 50. c5 h5 51. Rc2 dxc5 52. Rxc5 Qa8 53. Qc2 Re8
54. gxh5 Qb7 55. a5 Qd7 56. Qd3 Qh3+ 57. Ke1 f5 58. h6 Bxh6 59. Rc7 Ng2+ 60.
Kd2 Bg7 61. Qd7 1-0

[Event "BL 8889 Porz-Nürnberg"]
[Site "?"]
[Date "1989.??.??"]
[Round "?.7"]
[White "Huemmer, B."]
[Black "Schulz, KJ."]
[Result "1/2-1/2"]
[WhiteElo "2295"]
[BlackElo "2360"]
[PlyCount "22"]
[EventDate "1989.??.??"]

1. c4 c5 2. Nc3 Nf6 3. Nf3 d5 4. cxd5 Nxd5 5. e4 Nc7 6. d4 cxd4 7. Qxd4 Bd7 8.
Be3 Nc6 9. Qd2 e5 10. Bc4 Bg4 11. O-O-O Be7 1/2-1/2

[Event "BL 8889 Bamberg-Porz"]
[Site "?"]
[Date "1989.??.??"]
[Round "?.1"]
[White "Hort, V."]
[Black "Unzicker, W."]
[Result "1/2-1/2"]
[WhiteElo "2595"]
[BlackElo "2460"]
[PlyCount "48"]
[EventDate "1989.??.??"]

1. c4 e6 2. d4 Nf6 3. Nc3 Bb4 4. Qc2 Nc6 5. Nf3 d6 6. a3 Bxc3+ 7. Qxc3 O-O 8.
b4 Re8 9. b5 Ne7 10. Qc2 Ng6 11. h4 h6 12. Bb2 Ng4 13. e3 e5 14. Bd3 exd4 15.
Bxd4 N6e5 16. Bh7+ Kh8 17. Be4 Nf6 18. Rd1 Qe7 19. Nxe5 dxe5 20. Bb2 Qc5 21.
O-O a6 22. bxa6 Rxa6 23. Rd2 Rb6 24. Bf3 Bd7 1/2-1/2

[Event "BL 8889 Bamberg-Porz"]
[Site "?"]
[Date "1989.??.??"]
[Round "?.2"]
[White "Pfleger, He"]
[Black "Christiansen, L."]
[Result "1-0"]
[WhiteElo "2490"]
[BlackElo "2550"]
[PlyCount "75"]
[EventDate "1989.??.??"]

1. c4 c5 2. Nf3 Nc6 3. Nc3 Nd4 4. e3 Nxf3+ 5. Qxf3 g6 6. b3 Bg7 7. Bb2 d6 8.
Be2 Nh6 9. h3 Rb8 10. O-O Bd7 11. Qe4 Bc6 12. Qc2 O-O 13. f4 a6 14. Bf3 Bxf3
15. Rxf3 b5 16. d3 f5 17. Re1 Qd7 18. Rff1 e6 19. Nd1 bxc4 20. dxc4 Rbe8 21.
Bxg7 Qxg7 22. Qd3 Nf7 23. Nc3 g5 24. e4 gxf4 25. Rxf4 Ne5 26. Qxd6 Kh8 27. exf5
exf5 28. Qd2 Rg8 29. Ref1 Qh6 30. Kh1 Rg3 31. Nd5 Reg8 32. Qb2 Qg7 33. Rxf5 Nc6
34. Qxg7+ R3xg7 35. Nf6 Rd8 36. Rxc5 Nb4 37. Ra5 Nd3 38. Rxa6 1-0

[Event "BL 8889 Bamberg-Porz"]
[Site "?"]
[Date "1989.??.??"]
[Round "?.3"]
[White "Fedorowicz, J."]
[Black "Goehring, K."]
[Result "1-0"]
[WhiteElo "2520"]
[BlackElo "2335"]
[PlyCount "91"]
[EventDate "1989.??.??"]

1. e4 e5 2. Nf3 Nc6 3. Bb5 a6 4. Ba4 d6 5. O-O Bd7 6. c3 g6 7. d4 Bg7 8. dxe5
dxe5 9. Be3 Qe7 10. Nbd2 Nf6 11. h3 O-O 12. Bc2 Nh5 13. a4 a5 14. Re1 Rfe8 15.
Bd3 Be6 16. Bf1 h6 17. Nc4 Qf6 18. Nh2 Nf4 19. Qf3 h5 20. Rad1 Rad8 21. Rxd8
Rxd8 22. Rd1 Rxd1 23. Qxd1 Bc8 24. Na3 Qd8 25. Qe1 Ne6 26. Nf3 Qe7 27. Bc4 Bd7
28. Nb5 Bf6 29. Nh2 b6 30. Nf1 Bc8 31. Bh6 Nc5 32. Ne3 Be6 33. Nd5 Bxd5 34.
exd5 Nd8 35. b4 axb4 36. cxb4 Na6 37. Qd2 Qxb4 38. Qxb4 Nxb4 39. Nxc7 Nb7 40.
Be3 Nd6 41. Bb3 Nc8 42. Nb5 Bd8 43. d6 Kf8 44. d7 Ne7 45. Bh6+ Kg8 46. Nd6 1-0

[Event "BL 8889 Bamberg-Porz"]
[Site "?"]
[Date "1989.??.??"]
[Round "?.4"]
[White "Kurz, A."]
[Black "Schoen, W."]
[Result "1/2-1/2"]
[WhiteElo "2280"]
[BlackElo "2430"]
[PlyCount "54"]
[EventDate "1989.??.??"]

1. d4 Nf6 2. c4 e6 3. Nc3 d5 4. Bg5 c6 5. e3 Be7 6. Nf3 Nbd7 7. Qc2 O-O 8.
O-O-O a5 9. h4 b5 10. cxb5 cxb5 11. Bxb5 Ba6 12. Bxa6 Rxa6 13. Ne5 Nxe5 14.
dxe5 Nd7 15. f4 f6 16. exf6 Nxf6 17. e4 Rc6 18. Rhe1 d4 19. Qa4 Qc7 20. Qxd4
Rb8 21. Re2 Rc4 22. Qe5 Qb6 23. f5 Ba3 24. Rdd2 Qg1+ 25. Rd1 Qb6 26. Rdd2 Qg1+
27. Rd1 Qb6 1/2-1/2

[Event "BL 8889 Bamberg-Porz"]
[Site "?"]
[Date "1989.??.??"]
[Round "?.5"]
[White "Fleck, J."]
[Black "Meister, P."]
[Result "0-1"]
[WhiteElo "2415"]
[BlackElo "2325"]
[PlyCount "68"]
[EventDate "1989.??.??"]

1. e4 e6 2. d4 d5 3. Nc3 Nc6 4. e5 Nge7 5. Nf3 b6 6. Be2 Nf5 7. O-O Be7 8. Re1
O-O 9. Bf1 f6 10. Bb5 Nb8 11. Ne2 fxe5 12. Nxe5 Bd6 13. Nf4 Bxe5 14. Rxe5 Qf6
15. c3 c5 16. Nh5 Qf7 17. Ng3 Nd6 18. Bd3 Qxf2+ 19. Kh1 cxd4 20. cxd4 Nc6 21.
Be3 Qf7 22. Bxh7+ Kxh7 23. Qc2+ Ne4 24. Nxe4 dxe4 25. Qxc6 Bd7 26. Qxe4+ Kg8
27. Qh4 Bc6 28. Qh3 Bd5 29. Rh5 Qg6 30. Rh8+ Kf7 31. Rf1+ Ke7 32. Rhxf8 Rxf8
33. Rc1 Rh8 34. Rc7+ Kf6 0-1

[Event "BL 8889 Bamberg-Porz"]
[Site "?"]
[Date "1989.??.??"]
[Round "?.7"]
[White "Ostermeyer, P."]
[Black "Hartmann, G."]
[Result "1/2-1/2"]
[WhiteElo "2450"]
[BlackElo "2275"]
[PlyCount "48"]
[EventDate "1989.??.??"]

1. e4 d5 2. exd5 Nf6 3. c4 e6 4. dxe6 Bxe6 5. Nf3 Nc6 6. Be2 Bc5 7. O-O Qd7 8.
Nc3 O-O-O 9. a3 Nd4 10. Nxd4 Bxd4 11. d3 Rhe8 12. Nb5 Bg4 13. Bxg4 Nxg4 14.
Nxd4 Qxd4 15. Bd2 Re6 16. h3 Ne5 17. Bc3 Qxd3 18. Bxe5 Qxd1 19. Rfxd1 Rxe5 20.
Rxd8+ Kxd8 21. Rd1+ Kc8 22. Kf1 Re4 23. b3 a5 24. Re1 Rxe1+ 1/2-1/2

[Event "BL 8889 Bamberg-Porz"]
[Site "?"]
[Date "1989.??.??"]
[Round "?.8"]
[White "Kestler, H."]
[Black "Schulz, KJ."]
[Result "1/2-1/2"]
[WhiteElo "2370"]
[BlackElo "2360"]
[PlyCount "23"]
[EventDate "1989.??.??"]

1. c4 c5 2. g3 Nf6 3. Bg2 d5 4. cxd5 Nxd5 5. Nc3 Nc7 6. Qb3 Nd7 7. Nf3 e5 8. d3
Be7 9. O-O O-O 10. Be3 b6 11. Rac1 Bb7 12. a3 1/2-1/2

[Event "BL 8889 Nürnberg-Bochum"]
[Site "?"]
[Date "1989.??.??"]
[Round "?.1"]
[White "Graf, J."]
[Black "Jansa, V."]
[Result "1/2-1/2"]
[WhiteElo "2405"]
[BlackElo "2470"]
[PlyCount "68"]
[EventDate "1989.??.??"]

1. d4 d6 2. c4 e5 3. Nf3 e4 4. Ng5 f5 5. Nh3 Nf6 6. Nc3 c6 7. e3 Be7 8. Nf4 O-O
9. Be2 Na6 10. a3 Nc7 11. b4 d5 12. c5 g5 13. Nh5 Nxh5 14. Bxh5 Ne6 15. Bd2 f4
16. Be2 Bf6 17. O-O Bg7 18. f3 exf3 19. Bxf3 fxe3 20. Bxe3 g4 21. Be2 Rxf1+ 22.
Bxf1 Qf6 23. Ne2 Bd7 24. Qd2 Rf8 25. Rd1 Be8 26. a4 Bg6 27. b5 Re8 28. a5 cxb5
29. Nc3 a6 30. Nxd5 Qf7 31. Nb4 Qe7 32. c6 bxc6 33. Nxc6 Qd6 34. d5 Nc5 1/2-1/2

[Event "BL 8889 Nürnberg-Bochum"]
[Site "?"]
[Date "1989.??.??"]
[Round "?.2"]
[White "Pribyl, J."]
[Black "Thesing, M."]
[Result "1-0"]
[WhiteElo "2435"]
[BlackElo "2345"]
[PlyCount "70"]
[EventDate "1989.??.??"]

1. e4 c5 2. Nf3 e6 3. Nc3 a6 4. g3 b5 5. Bg2 Bb7 6. d3 d6 7. O-O Nd7 8. Qe2 Be7
9. a4 b4 10. Nd1 Qc7 11. Nd2 Ngf6 12. f4 h6 13. Ne3 O-O 14. b3 Nh7 15. Bb2 Bf6
16. Bxf6 Nhxf6 17. g4 Nh7 18. h4 g5 19. Qf2 Nb8 20. Qg3 Nc6 21. Rf2 Nd4 22.
Raf1 Qe7 23. hxg5 hxg5 24. f5 e5 25. Qh2 f6 26. Bf3 Rf7 27. Qh1 Nf8 28. Rh2 Rh7
29. Rff2 Rxh2 30. Rxh2 Qg7 31. Ndc4 Rd8 32. Kf2 Bc6 33. Bd1 Rd7 34. Nb6 Rd8 35.
Rh6 Be8 1-0

[Event "BL 8889 Nürnberg-Bochum"]
[Site "?"]
[Date "1989.??.??"]
[Round "?.3"]
[White "Sonntag, H."]
[Black "Lumper, T."]
[Result "1/2-1/2"]
[WhiteElo "2380"]
[BlackElo "2355"]
[PlyCount "60"]
[EventDate "1989.??.??"]

1. d4 Nf6 2. c4 g6 3. Nc3 Bg7 4. e4 O-O 5. Be3 d6 6. f3 Nc6 7. Nge2 a6 8. Qd2
Rb8 9. Nc1 e5 10. Nb3 exd4 11. Nxd4 Nxd4 12. Bxd4 c6 13. Be2 b5 14. O-O Be6 15.
cxb5 axb5 16. Rfd1 d5 17. Qe3 Qa5 18. exd5 Nxd5 19. Nxd5 Bxd5 20. Bxg7 Kxg7 21.
Qc5 Qd8 22. b4 Re8 23. Bf1 Qf6 24. Qd4 Qxd4+ 25. Rxd4 Re3 26. Bd3 Kf6 27. Kf2
Re7 28. a4 bxa4 29. Rxa4 Reb7 30. Be4 Ke5 1/2-1/2

[Event "BL 8889 Nürnberg-Bochum"]
[Site "?"]
[Date "1989.??.??"]
[Round "?.4"]
[White "Seibold, H."]
[Black "Beckemeyer, W."]
[Result "0-1"]
[WhiteElo "2220"]
[BlackElo "2380"]
[PlyCount "63"]
[EventDate "1989.??.??"]

1. e4 e5 2. Nf3 Nc6 3. Bb5 a6 4. Ba4 Nf6 5. O-O Nxe4 6. d4 b5 7. Bb3 d5 8. dxe5
Be6 9. Nbd2 Nc5 10. c3 Bg4 11. h3 Bh5 12. Bc2 Be7 13. Re1 Qd7 14. Nb3 Ne6 15.
Bf5 O-O 16. g4 Bg6 17. Qd3 Rad8 18. Be3 f6 19. Bxg6 hxg6 20. exf6 Rxf6 21. Nfd4
Ne5 22. Qe2 Rdf8 23. f4 Nc4 24. f5 gxf5 25. Nxf5 Rg6 26. Qd3 Bg5 27. Bc5 Nf4
28. Qf3 Rxf5 29. gxf5 Qxf5 30. Kf1 Bh4 31. Re8+ Kh7 32. Nd4 0-1

[Event "BL 8889 Sindelfingen-HSK"]
[Site "?"]
[Date "1989.??.??"]
[Round "?.1"]
[White "Chandler, M."]
[Black "Darga, K."]
[Result "1/2-1/2"]
[WhiteElo "2605"]
[BlackElo "2470"]
[PlyCount "125"]
[EventDate "1989.??.??"]

1. e4 e6 2. d4 d5 3. Nc3 Nf6 4. e5 Nfd7 5. f4 c5 6. Nf3 Nc6 7. Be3 a6 8. Qd2 b5
9. dxc5 Bxc5 10. Bxc5 Nxc5 11. Nd4 Qb6 12. Nxc6 Qxc6 13. Qd4 Rb8 14. Bd3 b4 15.
Ne2 Qb6 16. O-O Bd7 17. Qf2 O-O 18. Nd4 Rfc8 19. Kh1 Rc7 20. Qe3 Nxd3 21. cxd3
Rbc8 22. g4 Re8 23. f5 exf5 24. gxf5 f6 25. e6 Bc8 26. Rac1 Bb7 27. Rxc7 Qxc7
28. Rc1 Qe5 29. Qxe5 fxe5 30. Rc7 exd4 31. Rxb7 g6 32. Rxb4 gxf5 33. Rb6 a5 34.
Kg2 Kg7 35. Kf3 Kf6 36. Kf4 Rg8 37. e7+ Kxe7 38. Kxf5 Rg2 39. Ke5 Rxh2 40. Kxd5
h5 41. Kxd4 Rc2 42. a3 h4 43. b4 Ra2 44. Rh6 Rxa3 45. b5 Kd7 46. Kc4 Kc7 47. d4
h3 48. b6+ Kb7 49. Kb5 Rb3+ 50. Kxa5 Rd3 51. Rh7+ Kc6 52. Rc7+ Kd6 53. Rc2 Rb3
54. Rc5 h2 55. Rh5 Rb2 56. Ka6 Kc6 57. Rh6+ Kd5 58. Rh4 Kc6 59. Rh6+ Kd5 60. b7
Kxd4 61. Rh4+ Ke3 62. Rh3+ Ke4 63. Ka7 1/2-1/2

[Event "BL 8889 Sindelfingen-HSK"]
[Site "?"]
[Date "1989.??.??"]
[Round "?.2"]
[White "Mohr, S."]
[Black "Wahls, M."]
[Result "0-1"]
[WhiteElo "2470"]
[BlackElo "2460"]
[PlyCount "56"]
[EventDate "1989.??.??"]

1. d4 Nf6 2. c4 e6 3. Nc3 Bb4 4. Qc2 O-O 5. a3 Bxc3+ 6. Qxc3 b6 7. Bg5 Bb7 8.
f3 d5 9. e3 Nbd7 10. Nh3 h6 11. Bh4 Rc8 12. c5 bxc5 13. dxc5 c6 14. Bg3 Ra8 15.
Bd6 Re8 16. Bd3 a5 17. O-O Ba6 18. Nf2 e5 19. b4 Bxd3 20. Qxd3 Nb6 21. b5 cxb5
22. f4 exf4 23. Qxb5 fxe3 24. Qxb6 exf2+ 25. Rxf2 Ne4 26. Bc7 Qc8 27. Rf4 Ra6
28. Qb5 Nc3 0-1

[Event "BL 8889 Sindelfingen-HSK"]
[Site "?"]
[Date "1989.??.??"]
[Round "?.3"]
[White "Stein, B."]
[Black "Fahnenschmidt, G."]
[Result "1/2-1/2"]
[WhiteElo "2380"]
[BlackElo "2380"]
[PlyCount "74"]
[EventDate "1989.??.??"]

1. e4 c5 2. c3 d5 3. exd5 Qxd5 4. d4 e6 5. Nf3 Nf6 6. Be2 Be7 7. O-O O-O 8. c4
Qd8 9. dxc5 Bxc5 10. Nc3 Qxd1 11. Rxd1 Nc6 12. a3 b6 13. b4 Be7 14. Bf4 Bb7 15.
Bd6 Bxd6 16. Rxd6 Rfd8 17. Rad1 Rxd6 18. Rxd6 Kf8 19. Kf1 Ke7 20. Rd1 Rd8 21.
Rxd8 Nxd8 22. Ne5 Ne4 23. Nxe4 Bxe4 24. f4 f6 25. Nf3 Nc6 26. Kf2 a5 27. bxa5
Bxf3 28. Kxf3 Nxa5 29. Bd3 h6 30. Kg4 f5+ 31. Kh5 Kf6 32. g3 Nb7 33. Be2 Nc5
34. Bf1 Nd7 35. Bg2 Kf7 36. h3 Nf6+ 37. Kh4 Nd7 1/2-1/2

[Event "BL 8889 Sindelfingen-HSK"]
[Site "?"]
[Date "1989.??.??"]
[Round "?.4"]
[White "Bialas, W."]
[Black "Wegner, H."]
[Result "1/2-1/2"]
[WhiteElo "2365"]
[BlackElo "2290"]
[PlyCount "35"]
[EventDate "1989.??.??"]

1. Nf3 Nf6 2. g3 g6 3. Bg2 Bg7 4. O-O d5 5. d4 O-O 6. c4 dxc4 7. Na3 c3 8. bxc3
c5 9. Ne5 Nc6 10. Nxc6 bxc6 11. Qa4 cxd4 12. cxd4 Bd7 13. Qc2 Nd5 14. Bb2 Rc8
15. Qd2 Be6 16. Rfc1 Qd7 17. Nc4 Nb6 18. Nxb6 1/2-1/2

[Event "BL 8889 Sindelfingen-HSK"]
[Site "?"]
[Date "1989.??.??"]
[Round "?.5"]
[White "Michaelsen, N."]
[Black "Gruenenwald, J."]
[Result "1-0"]
[WhiteElo "2380"]
[BlackElo "2345"]
[PlyCount "81"]
[EventDate "1989.??.??"]

1. d4 Nf6 2. c4 g6 3. Nc3 Bg7 4. e4 d6 5. f4 O-O 6. Nf3 c5 7. d5 a6 8. a4 e6 9.
Be2 exd5 10. cxd5 Re8 11. Nd2 Qc7 12. O-O Nbd7 13. Kh1 Rb8 14. a5 b5 15. axb6
Rxb6 16. Bf3 Rb4 17. Qc2 h5 18. h3 Qb8 19. Nd1 Nb6 20. Nf2 c4 21. Ra3 Bd7 22.
Nb1 Na4 23. Nc3 Nc5 24. Ra2 Bb5 25. Be2 Nb3 26. Be3 Nd7 27. e5 dxe5 28. f5 Nd4
29. Bxd4 exd4 30. Nxb5 d3 31. Nxd3 cxd3 32. Bxd3 axb5 33. fxg6 fxg6 34. Bxg6
Rf8 35. Raa1 h4 36. Bf5 Ne5 37. Qe2 Bf6 38. Qh5 Qc7 39. Qh6 Qg7 40. Be6+ Nf7
41. Qxf6 1-0

[Event "BL 8889 Sindelfingen-HSK"]
[Site "?"]
[Date "1989.??.??"]
[Round "?.8"]
[White "Werner, Marc"]
[Black "Behrhorst, F."]
[Result "1/2-1/2"]
[WhiteElo "2315"]
[BlackElo "2290"]
[PlyCount "107"]
[EventDate "1989.??.??"]

1. e4 Nf6 2. e5 Nd5 3. d4 d6 4. Nf3 Bg4 5. Be2 c6 6. c4 Nb6 7. Nbd2 dxe5 8.
Nxe5 Bxe2 9. Qxe2 N8d7 10. Nef3 e6 11. O-O Be7 12. b3 O-O 13. Bb2 Qc7 14. Rfe1
Rad8 15. Ne4 Qf4 16. Rad1 Nf6 17. Nc5 Bxc5 18. dxc5 Rxd1 19. Rxd1 Nbd7 20. Ne5
Nxc5 21. Ba3 b6 22. Nxc6 Qc7 23. Ne5 Rd8 24. Bb2 Kf8 25. Kf1 Rxd1+ 26. Qxd1 Ke7
27. f3 Nfd7 28. Nxd7 Nxd7 29. Bxg7 Qxh2 30. Qd2 Qh1+ 31. Kf2 Qh4+ 32. Kf1 Qh1+
33. Kf2 Qh4+ 34. Kg1 f6 35. Bh6 Qh5 36. Be3 Qf5 37. Qb4+ Ke8 38. Qd6 Qe5 39.
Qxe5 Nxe5 40. Kf1 f5 41. Ke2 Kd7 42. a4 Kc6 43. a5 Nd7 44. axb6 axb6 45. Kd3
Ne5+ 46. Kd4 Ng6 47. Bf2 Nf4 48. g3 Ng6 49. f4 b5 50. Bg1 bxc4 51. Kxc4 e5 52.
fxe5 Nxe5+ 53. Kc3 h5 54. b4 1/2-1/2